000 00309nam a2200133Ia 4500
008 230312s9999||||xx |||||||||||||| ||und||
020 _a978-14354-5986-
082 _a658.8
_bQUI-O
100 _aQuick:nelson
245 0 _aORGB Organizational behavior
300 _a347
650 _aManagement
942 _cBK
999 _c14816
_d14816